Programové zabezpečenie ASR : Metódy vytvárania programového vybavenia /

Salvato in:
Dettagli Bibliografici
Autori principali: Zajko, Marián (Autore), Šurdová, Viera (Autore)
Natura: Libro
Lingua:slovacco
Pubblicazione: Bratislava : Vysoká škola ekonomická, Bratislava, 1988
Edizione:1.vyd.
Soggetti:
ASR
Tags: Aggiungi Tag
Nessun Tag, puoi essere il primo ad aggiungerne!!

MARC

LEADER 00000nam a22000003a 4500
001 stu43015
005 20150617225719.7
008 940615s1988----cs------------------slo-d
040 |a STU  |b slo 
041 0 |a slo 
044 |a cs 
080 |a 681.51(075.8) 
100 1 |a Zajko, Marián  |4 aut 
245 1 |a Programové zabezpečenie ASR :  |b Metódy vytvárania programového vybavenia /  |c [aut.]Viera Šurdová, Marián Zajko 
250 |a 1.vyd. 
260 |a Bratislava :  |b Vysoká škola ekonomická, Bratislava,  |c 1988 
300 |a 187 s 
650 7 |a ASR  |2 stusub 
700 1 |a Šurdová, Viera  |4 aut 
996 |b 284M029072  |c M*S-476-1  |l MMKN  |s A  |a 24  |w stu43015_0001